000 00376nam a2200157Ia 4500
008 221030s9999 xx 000 0 und d
020 _a8185015805
041 _aEnglish
082 _a105.23
_bMah
100 _aB. H. Mahan
245 0 _aUniversity Chemistry
_cby B. H. Mahan
260 _bNarosa Pub.
_aNew Delhi
_c1998
300 _a896
650 _aChemistry
942 _cBK
999 _c2353
_d2353